| 000 | 00346nam a2200133Ia 4500 | ||
|---|---|---|---|
| 008 | 150202s9999 xx 000 0 und d | ||
| 020 | _a330247220 | ||
| 050 |
_aFIC _bFIC |
||
| 100 | _aLyall, Gavin. | ||
| 245 |
_aJudas country / _cGavin Lyall. |
||
| 260 |
_aLondon : _bPan Books, _c1975. |
||
| 300 |
_a238 pages : _c18 cm. |
||
| 650 | _aFiction. | ||
| 999 |
_c282211 _d282211 |
||